| 000 | 00713nam a2200217 a 4500 | ||
|---|---|---|---|
| 001 | BRCA_2202 | ||
| 005 | 20190320203719.0 | ||
| 008 | 860520s1986 ctua---##b---#001-0#eng-# | ||
| 020 | _a0803830645 | ||
| 040 |
_aDLC _cDLC _dDLC |
||
| 050 | 4 |
_aNK2435.A6 _b.K38 1986 |
|
| 100 | 1 |
_aKatz, Sali Barnett _d1942- _96631 |
|
| 245 | 1 | 0 |
_aHispanic Furniture _ban American Collection from the Southwest _cby Sali Barnett Katz. |
| 260 |
_aEstados Unidos _bArchitectural Book Publishing _cc1986 |
||
| 300 |
_a224 p. _bil. _c29 cm. |
||
| 500 | _aIncluye índice alfabético | ||
| 504 | _aBibliografía : p. 217-219 | ||
| 650 | 1 | 4 |
_aMuebles de España colonial _zArizona _96632 |
| 650 | 1 | 4 |
_aMuebles _zArizona _96633 |
| 942 |
_2lcc _cB |
||
| 999 |
_c1958 _d1958 |
||